An Exhaustive Commentary on The Qanun-e-Shahadat Order, 1984: (Record no. 613904)

000 -LEADER
fixed length control field 00388nam a22001217a 4500
082 ## - DEWEY DECIMAL CLASSIFICATION NUMBER
Classification number 347.549106
Author Mark MAH
100 ## - MAIN ENTRY--PERSONAL NAME
Personal name Mahmood, M.
245 ## - TITLE STATEMENT
Title An Exhaustive Commentary on The Qanun-e-Shahadat Order, 1984:
Remainder of title Improved and Enlarged /
Statement of responsibility, etc. M. Mahmood and Jawad Mahmood Pasha
260 ## - PUBLICATION, DISTRIBUTION, ETC.
Place of publication, distribution, etc. Lahore:
Name of publisher, distributor, etc. Al-Qanoon Publishers,
Date of publication, distribution, etc. 2024.
300 ## - PHYSICAL DESCRIPTION
Extent 1688 p. ;
Dimensions 24 cm.
563 ## - BINDING INFORMATION
Binding note HB.
942 ## - ADDED ENTRY ELEMENTS (KOHA)
Source of classification or shelving scheme
Koha item type Book
Holdings
Withdrawn status Lost status Source of classification or shelving scheme Damaged status Not for loan Permanent Location Current Location Date acquired Source of acquisition Total Checkouts Full call number Barcode Date last seen Date last checked out Price effective from Koha item type Checked out
          NUST Law School (NLS) NUST Law School (NLS) 06/26/2025 Pakistan Law House 3 347.549106 MAH NLS-2024 03/17/2026 02/13/2026 06/26/2025 Book  
          NUST Law School (NLS) NUST Law School (NLS) 06/26/2025 Pakistan Law House 3 347.549106 MAH NLS-2025 03/04/2026 03/04/2026 06/26/2025 Book 04/03/2026
          NUST Law School (NLS) NUST Law School (NLS) 06/26/2025 Pakistan Law House 2 347.549106 MAH NLS-2026 01/30/2026 01/30/2026 06/26/2025 Book 03/01/2026
© 2023 Central Library, National University of Sciences and Technology. All Rights Reserved.